Mythologie grecque: trouver l'alter ego romain - Statistiques

Statistiques générales
  • Ce quiz a été pris 939 fois
  • Le résultat moyen est 12 sur 15
Statistiques - réponses
Hint Réponse % Correct
Zeus Jupiter
93%
Héraclès Hercule
88%
Arès Mars
88%
Poséidon Neptune
87%
Aphrodite Vénus
86%
Artémis Diane
82%
Perséphone Proserpine
82%
Hestia Vesta
76%
Hermès Mercure
75%
Athéna Minerve
75%
Ouranos Uranus
75%
Héra Junon
73%
Hadès Pluton
72%
Déméter Cérès
61%
Cronos Saturne
53%
Aucun quiz correspondant
Distribution des résultats
% des personnes avec chaque résultat
Percentile par nombre de réponses
Votre historique - résultats
Vous n’avez pas pris ce quiz